Industrial hydraulics (Record no. 7178)

000 -LEADER
fixed length control field 00551nam a2200205 i 4500
001 - CONTROL NUMBER
control field 7178
003 - CONTROL NUMBER IDENTIFIER
control field BD-DhUET
008 - FIXED-LENGTH DATA ELEMENTS--GENERAL INFORMATION
fixed length control field 780705s1979 nyua 001 0 eng
020 ## - INTERNATIONAL STANDARD BOOK NUMBER
International Standard Book Number 070664773
040 ## - CATALOGING SOURCE
Original cataloging agency DLC
Transcribing agency DLC
Modifying agency BD-DhUET
082 00 - DEWEY DECIMAL CLASSIFICATION NUMBER
Classification number 621.2
Item number PIP/1980
100 1# - MAIN ENTRY--PERSONAL NAME
Personal name Pippenger, John J.
245 10 - TITLE STATEMENT
Title Industrial hydraulics
Statement of responsibility, etc. by John J. Pippenger and Tyler G. Hicks
250 ## - EDITION STATEMENT
Edition statement 3d ed.
260 ## - PUBLICATION, DISTRIBUTION, ETC. (IMPRINT)
Place of publication, distribution, etc. New York
Name of publisher, distributor, etc. McGraw-Hill
Date of publication, distribution, etc. 1980
300 ## - PHYSICAL DESCRIPTION
Extent vi, 440 p.
Other physical details ill.
Dimensions 25 cm.
650 #0 - SUBJECT ADDED ENTRY--TOPICAL TERM
Topical term or geographic name as entry element Hydraulic machinery
700 ## - ADDED ENTRY--PERSONAL NAME
Personal name Hicks, Tyler G.
942 ## - ADDED ENTRY ELEMENTS (KOHA)
Koha item type General Book
Holdings
Shelving location Lost status Koha full call number Damaged status Date acquired Not for loan Koha item type Price effective from Source of classification or shelving scheme Koha normalized classification for sorting Piece designation (barcode) Withdrawn status Copy number Sublocation or collection (holding branch) Koha date last seen Location (home branch)
Circulation section 621.2 /PIP/1980 2014-12-07 Contented Book 2014-12-07 621_200000000000000_PIP198059770 4Central Library, BUET2014-12-07Central Library, BUET
Circulation section 621.2 /PIP/1980 2014-12-07 Contented Book 2014-12-07 621_200000000000000_PIP198059771 5Central Library, BUET2014-12-07Central Library, BUET
Circulation section 621.2 /PIP/1980 2014-12-07 Contented Book 2014-12-07 621_200000000000000_PIP198059772 6Central Library, BUET2014-12-07Central Library, BUET
Circulation section 621.2 /PIP/1980 2014-12-07 Contented Book 2014-12-07 621_200000000000000_PIP198056769 1Central Library, BUET2014-12-07Central Library, BUET
Circulation section 621.2 /PIP/1980 2014-12-07 Contented Book 2014-12-07 621_200000000000000_PIP198059773 7Central Library, BUET2014-12-07Central Library, BUET
Circulation section 621.2 /PIP/1980 2014-12-07 Contented Book 2014-12-07 621_200000000000000_PIP198059776 10Central Library, BUET2014-12-07Central Library, BUET
Circulation section 621.2 /PIP/1980 2014-12-07 Contented Book 2014-12-07 621_200000000000000_PIP198056770 2Central Library, BUET2014-12-07Central Library, BUET
Circulation section 621.2 /PIP/1980 2014-12-07 Contented Book 2014-12-07 621_200000000000000_PIP198059775 9Central Library, BUET2014-12-07Central Library, BUET
Circulation section 621.2 /PIP/1980 2014-12-07 Contented Book 2014-12-07 621_200000000000000_PIP198059769 9Central Library, BUET2014-12-07Central Library, BUET
Circulation section 621.2 /PIP/1980 2014-12-07 Contented Book 2014-12-07 621_200000000000000_PIP198059777 11Central Library, BUET2014-12-07Central Library, BUET
Reading section 621.2/PIP/1980 2015-06-16 Reading Item2015-06-16 621_200000000000000_PIP_198059778 12Central Library, BUET2015-06-16Central Library, BUET